00784nam a2200253 a 4500001001300000003000900013005001700022008004100039020002300080082001600103100001700119245006600136260004500202300000900247500003500256505003000291650001800321650002700339700001700366902000800383942000700391952011700398999001500515nice12345678IN_TiNIC20260116012323.0050524s1993 dela grp 000 0 eng  a8185618 c11000a954.03bBOS aBose, Sugata aPeasant Labour and Colonial Capitalb Rural Bengal Since 1770 aDelhibCambridge University Press c1993 a203p aincludes index and biblioraphy2 aAppendices, Biblio, Index aIndia-History aIndia-Agrarian Economy1 aBose, Sugata bSRS cBK 001040708StackRoom-aHMIbHMId2007-04-04g110.00l0o954.03 BOSp014662r2007-04-04v110.00w2005-05-24yBK c6542d6542